|
|
|
|
| LEADER |
00927nam a2200241 a 4500 |
| 001 |
2997724 |
| 008 |
100704s1994 nyua b 001 0 eng d |
| 010 |
|
|
|a 93033667
|
| 020 |
|
|
|a 0471609269
|
| 040 |
|
|
|a DLC
|c DLC
|d DLC
|d DB-DhAAL
|
| 082 |
0 |
0 |
|a 621.319/2/028553
|2 20
|
| 100 |
1 |
|
|a Vladimirescu, Andrei.
|
| 245 |
1 |
4 |
|a The Spice book /
|c Andrei Vladimirescu.
|
| 260 |
|
|
|a New York :
|b J. Wiley,
|c c1994.
|
| 300 |
|
|
|a xvii, 412 p. :
|b ill. ;
|c 24 cm.
|
| 504 |
|
|
|a Includes bibliographical references and index.
|
| 541 |
1 |
|
|e 00009884
|
| 630 |
0 |
0 |
|a SPICE (Computer file)
|
| 650 |
|
0 |
|a Electric circuit analysis
|x Data processing.
|
| 650 |
|
0 |
|a Electronic circuit design
|x Data processing.
|
| 852 |
4 |
|
|a Ayesha Abed Library
|j General Shelf.
|
| 999 |
|
|
|c 9180
|d 9180
|
| 952 |
|
|
|0 0
|1 0
|2 ddc
|4 0
|6 621_319202855300000_VLA_1994
|7 0
|9 11557
|a BRACUL
|b BRACUL
|c GEN
|d 2010-07-05
|l 4
|m 9
|o 621.3192028553 VLA
|p 3010009884
|r 2024-05-28
|s 2024-05-19
|t 1
|w 2010-07-05
|y BK
|